[Event "African Games-chT 2019"]
[Site "Casablanca"]
[Date "2019.08.25"]
[Round "8.8"]
[White "Latreche, Sabrina"]
[Black "Miladi, Amen"]
[Result "1/2-1/2"]
[WhiteElo "2064"]
[BlackElo "1811"]
[Annotator "NA"]
[PlyCount "153"]
[EventDate "2019.08.24"]
[EventType "team-tourn"]
[EventCountry "MAR"]
[SourceTitle "playchess.com"]
[Source "ChessBase"]
[SourceQuality "1"]
[WhiteTeam "Algeria"]
[BlackTeam "Tunisia"]
[WhiteTeamCountry "ALG"]
[BlackTeamCountry "TUN"]
[TimeControl "900+10"]

1. e4 {[%emt 0:00:00]} c5 {[%emt 0:00:00]} 2. Nf3 {[%emt 0:00:00]} e6 {[%emt 0:00:00]} 3. d4 {[%emt 0:00:00]} cxd4 {[%emt 0:00:00]} 4. Nxd4 {[%emt 0:00:00]} a6 {[%emt 0:00:00]} 5. Bd3 {[%emt 0:00:00]} Nf6 {[%emt 0:00:02]} 6. Qe2 {[%emt 0:00:01]} Qc7 {[%emt 0:00:11]} 7. O-O {[%emt 0:00:45]} Nc6 {[%emt 0:00:09]} 8. Nxc6 {[%emt 0:00:28]} dxc6 {[%emt 0:00:03]} 9. e5 {[%emt 0:00:35]} Nd7 {[%emt 0:00:29]} 10. Re1 {[%emt 0:00:13]} Nc5 {[%emt 0:00:12]} 11. Nc3 {[%emt 0:00:56]} Nxd3 {[%emt 0:00:25]} 12. cxd3 {[%emt 0:00:02]} Be7 {[%emt 0:00:26]} 13. d4 {[%emt 0:01:14]} O-O {[%emt 0:00:06]} 14. f4 {[%emt 0:01:00]} Qb6 {[%emt 0:00:32]} 15. Be3 {[%emt 0:00:09]} Qc7 {[%emt 0:00:12]} 16. Rac1 {[%emt 0:00:04]} Rd8 {[%emt 0:00:14]} 17. Red1 {[%emt 0:00:28]} Qa5 {[%emt 0:01:27]} 18. a3 {[%emt 0:01:33]} b5 {[%emt 0:00:44]} 19. Ne4 {[%emt 0:00:23]} Bb7 {[%emt 0:00:45]} 20. Qg4 {[%emt 0:01:40]} Kh8 {[%emt 0:01:20]} 21. Qh5 {[%emt 0:00:19]} Rf8 {[%emt 0:02:10]} 22. Bf2 {[%emt 0:02:36]} Qd8 {[%emt 0:00:56]} 23. Rc3 {[%emt 0:00:23]} Qd5 {[%emt 0:00:54]} 24. Rh3 {[%emt 0:02:07]} Qxe4 {[%emt 0:01:16]} 25. Re1 {[%emt 0:01:08]} Qf5 {[%emt 0:00:49]} 26. Qf3 {[%emt 0:00:01]} f6 {[%emt 0:01:35]} 27. Rh5 {[%emt 0:01:12]} Qg6 {[%emt 0:00:30]} 28. Rh3 {[%emt 0:01:34]} Rab8 {[%emt 0:00:42]} 29. Rg3 {[%emt 0:00:08]} Qf7 {[%emt 0:00:02]} 30. exf6 {[%emt 0:00:17]} Bxf6 {[%emt 0:00:11]} 31. Qg4 {[%emt 0:00:06]} Rfe8 {[%emt 0:00:16]} 32. Rd3 {[%emt 0:00:19]} Rbd8 {[%emt 0:00:16]} 33. Red1 {[%emt 0:00:05]} Rd5 {[%emt 0:00:25]} 34. Be3 {[%emt 0:00:05]} Red8 {[%emt 0:00:23]} 35. b4 {[%emt 0:00:03]} e5 {[%emt 0:00:24]} 36. fxe5 {[%emt 0:00:04]} Bxe5 {[%emt 0:00:06]} 37. Bg5 {[%emt 0:00:28]} Bf6 {[%emt 0:00:34]} 38. Bxf6 {[%emt 0:00:01]} Qxf6 {[%emt 0:00:01]} 39. Rf1 {[%emt 0:00:02]} Qe7 {[%emt 0:00:35]} 40. Rdf3 {[%emt 0:00:07]} Bc8 {[%emt 0:01:14]} 41. Qh4 {[%emt 0:00:01]} g5 {[%emt 0:00:31]} 42. Qh6 {[%emt 0:00:07]} Kg8 {[%emt 0:00:24]} 43. Rf7 {[%emt 0:00:13]} Qxf7 {[%emt 0:00:04]} 44. Rxf7 {[%emt 0:00:01]} Kxf7 {[%emt 0:00:01]} 45. Qxh7+ {[%emt 0:00:00]} Ke8 {[%emt 0:00:07]} 46. Qg8+ {[%emt 0:00:05]} Kd7 {[%emt 0:00:01]} 47. Qf7+ {[%emt 0:00:01]} Kd6 {[%emt 0:00:05]} 48. g3 {[%emt 0:00:19]} Be6 {[%emt 0:00:23]} 49. Qf6 {[%emt 0:00:02]} Re8 {[%emt 0:00:33]} 50. Qg7 {[%emt 0:00:04]} Re7 {[%emt 0:00:11]} 51. Qf8 {[%emt 0:00:01]} Kd7 {[%emt 0:00:05]} 52. Qb8 {[%emt 0:00:05]} Re8 {[%emt 0:00:10]} 53. Qb7+ {[%emt 0:00:03]} Kd8 {[%emt 0:00:04]} 54. Qxc6 {[%emt 0:00:02]} Rd7 {[%emt 0:00:26]} 55. Qxa6 {[%emt 0:00:02]} Bc4 {[%emt 0:00:06]} 56. Qa8+ {[%emt 0:00:22]} Ke7 {[%emt 0:00:03]} 57. Qe4+ {[%emt 0:00:01]} Kd8 {[%emt 0:00:03]} 58. Qa8+ {[%emt 0:00:01]} Ke7 {[%emt 0:00:07]} 59. Qe4+ {[%emt 0:00:01]} Kf8 {[%emt 0:00:17]} 60. Qf5+ {[%emt 0:00:09]} Rf7 {[%emt 0:00:02]} 61. Qc5+ {[%emt 0:00:11]} Ree7 {[%emt 0:00:09]} 62. h3 {[%emt 0:00:11]} Rf1+ {[%emt 0:00:37]} 63. Kg2 {[%emt 0:00:01]} Kf7 {[%emt 0:00:12]} 64. g4 {[%emt 0:00:50]} Rf6 {[%emt 0:00:10]} 65. Qxg5 {[%emt 0:00:12]} Bf1+ {[%emt 0:00:10]} 66. Kg3 {[%emt 0:00:02]} Re2 {[%emt 0:00:02]} 67. Qd5+ {[%emt 0:00:24]} Kg7 {[%emt 0:00:02]} 68. Qg5+ {[%emt 0:00:46]} Kf7 {[%emt 0:00:02]} 69. Qd5+ {[%emt 0:00:01]} Kf8 {[%emt 0:00:24]} 70. Qd8+ {[%emt 0:00:03]} Kf7 {[%emt 0:00:02]} 71. Qd7+ {[%emt 0:00:02]} Kg6 {[%emt 0:00:05]} 72. Qd5 {[%emt 0:00:13]} Kg7 {[%emt 0:00:21]} 73. Qg5+ {[%emt 0:00:08]} Kf7 {[%emt 0:00:06]} 74. Qd5+ {[%emt 0:00:02]} Kg7 {[%emt 0:00:17]} 75. Qg5+ {[%emt 0:00:01]} Kf7 {[%emt 0:00:13]} 76. Qd5+ {[%emt 0:00:01]} Kg7 {[%emt 0:00:08]} 77. Qg5+ {[%emt 0:00:01]} 1/2-1/2

[Event "African Games-chT 2019"]
[Site "Casablanca"]
[Date "2019.08.25"]
[Round "8.9"]
[White "Makoto, Rodwell"]
[Black "Adu, Oladapo"]
[Result "1-0"]
[WhiteElo "2373"]
[BlackElo "2273"]
[Annotator "NA"]
[PlyCount "99"]
[EventDate "2019.08.24"]
[EventType "team-tourn"]
[EventCountry "MAR"]
[SourceTitle "playchess.com"]
[Source "ChessBase"]
[SourceQuality "1"]
[WhiteTeam "Zimbabwe"]
[BlackTeam "Nigeria"]
[WhiteTeamCountry "ZIM"]
[BlackTeamCountry "NGR"]
[TimeControl "900+10"]

1. Nf3 {[%emt 0:00:00]} d5 {[%emt 0:00:04]} 2. c4 {[%emt 0:00:00]} c6 {[%emt 0:00:06]} 3. g3 {[%emt 0:00:00]} Nf6 {[%emt 0:00:08]} 4. Bg2 {[%emt 0:00:00]} Bf5 {[%emt 0:00:08]} 5. Qb3 {[%emt 0:00:01]} Qb6 {[%emt 0:00:30]} 6. d3 {[%emt 0:00:02]} e6 {[%emt 0:00:22]} 7. Be3 {[%emt 0:00:01]} Qb4+ {[%emt 0:00:45]} 8. Nbd2 {[%emt 0:00:02]} Nbd7 {[%emt 0:00:03]} 9. O-O {[%emt 0:00:51]} Be7 {[%emt 0:00:11]} 10. Qc2 {[%emt 0:00:44]} O-O {[%emt 0:00:26]} 11. a3 {[%emt 0:00:01]} Qa5 {[%emt 0:00:02]} 12. b4 {[%emt 0:00:02]} Qd8 {[%emt 0:00:03]} 13. cxd5 {[%emt 0:00:26]} cxd5 {[%emt 0:00:08]} 14. Rfc1 {[%emt 0:00:26]} Bd6 {[%emt 0:00:16]} 15. Nd4 {[%emt 0:00:48]} Bg4 {[%emt 0:00:09]} 16. N2b3 {[%emt 0:01:29]} a6 {[%emt 0:01:27]} 17. Na5 {[%emt 0:00:40]} Qb8 {[%emt 0:00:38]} 18. Rab1 {[%emt 0:00:49]} e5 {[%emt 0:04:12]} 19. Nf3 {[%emt 0:00:27]} b6 {[%emt 0:00:12]} 20. Nc6 {[%emt 0:00:45]} Qb7 {[%emt 0:00:08]} 21. a4 {[%emt 0:00:01]} Rac8 {[%emt 0:00:20]} 22. b5 {[%emt 0:00:02]} a5 {[%emt 0:00:09]} 23. h3 {[%emt 0:00:21]} Be6 {[%emt 0:00:13]} 24. Bg5 {[%emt 0:01:03]} Kh8 {[%emt 0:01:45]} 25. Bxf6 {[%emt 0:01:58]} gxf6 {[%emt 0:00:30]} 26. Nd2 {[%emt 0:00:24]} f5 {[%emt 0:00:38]} 27. Qa2 {[%emt 0:00:11]} e4 {[%emt 0:00:19]} 28. Nf1 {[%emt 0:00:35]} Ne5 {[%emt 0:00:21]} 29. Qb2 {[%emt 0:01:16]} f6 {[%emt 0:00:03]} 30. Nd4 {[%emt 0:00:01]} Qd7 {[%emt 0:00:01]} 31. Ne3 {[%emt 0:01:00]} Rc5 {[%emt 0:00:53]} 32. Nxe6 {[%emt 0:00:16]} Qxe6 {[%emt 0:00:04]} 33. Rxc5 {[%emt 0:00:37]} bxc5 {[%emt 0:00:25]} 34. Qa2 {[%emt 0:00:18]} c4 {[%emt 0:00:01]} 35. dxc4 {[%emt 0:00:01]} dxc4 {[%emt 0:00:01]} 36. Qd2 {[%emt 0:01:11]} Bb4 {[%emt 0:00:13]} 37. Qd5 {[%emt 0:00:03]} Qc8 {[%emt 0:00:08]} 38. b6 {[%emt 0:00:17]} Rd8 {[%emt 0:00:37]} 39. b7 {[%emt 0:00:01]} Qc7 {[%emt 0:00:14]} 40. Qe6 {[%emt 0:00:22]} Rf8 {[%emt 0:00:37]} 41. Qxf5 {[%emt 0:01:00]} Qxb7 {[%emt 0:00:08]} 42. Bxe4 {[%emt 0:00:01]} Qg7 {[%emt 0:00:15]} 43. Kg2 {[%emt 0:00:12]} c3 {[%emt 0:00:18]} 44. Nd5 {[%emt 0:00:06]} Ng6 {[%emt 0:00:17]} 45. Kh2 {[%emt 0:00:15]} Ne7 {[%emt 0:00:06]} 46. Nxe7 {[%emt 0:00:06]} Qxe7 {[%emt 0:00:00]} 47. Rd1 {[%emt 0:00:03]} Rf7 {[%emt 0:00:47]} 48. e3 {[%emt 0:00:27]} Qe5 {[%emt 0:00:36]} 49. Rd8+ {[%emt 0:00:27]} Kg7 {[%emt 0:00:05]} 50. Qxh7# 1-0

[Event "African Games-chT 2019"]
[Site "Casablanca"]
[Date "2019.08.25"]
[Round "8.10"]
[White "Osunfuyi, Abimbola"]
[Black "Mushore, Emarald Takudzwa"]
[Result "1-0"]
[WhiteElo "2235"]
[BlackElo "2198"]
[Annotator "NA"]
[PlyCount "101"]
[EventDate "2019.08.24"]
[EventType "team-tourn"]
[EventCountry "MAR"]
[SourceTitle "playchess.com"]
[Source "ChessBase"]
[SourceQuality "1"]
[WhiteTeam "Nigeria"]
[BlackTeam "Zimbabwe"]
[WhiteTeamCountry "NGR"]
[BlackTeamCountry "ZIM"]
[TimeControl "900+10"]

1. c4 {[%emt 0:00:00]} Nf6 {[%emt 0:00:00]} 2. g3 {[%emt 0:00:00]} e6 {[%emt 0:00:00]} 3. Bg2 {[%emt 0:00:00]} d5 {[%emt 0:00:03]} 4. Nf3 {[%emt 0:00:00]} Be7 {[%emt 0:00:04]} 5. O-O {[%emt 0:00:03]} O-O {[%emt 0:00:02]} 6. b3 {[%emt 0:00:25]} c5 {[%emt 0:00:12]} 7. cxd5 {[%emt 0:00:18]} exd5 {[%emt 0:00:09]} 8. d4 {[%emt 0:00:05]} Nc6 {[%emt 0:00:10]} 9. Bb2 {[%emt 0:00:03]} Ne4 {[%emt 0:00:21]} 10. dxc5 {[%emt 0:00:09]} Bxc5 {[%emt 0:00:04]} 11. e3 {[%emt 0:00:15]} Be6 {[%emt 0:00:27]} 12. a3 {[%emt 0:00:27]} Rc8 {[%emt 0:00:07]} 13. Nbd2 {[%emt 0:00:24]} Nf6 {[%emt 0:01:08]} 14. Rc1 {[%emt 0:00:42]} Be7 {[%emt 0:00:12]} 15. b4 {[%emt 0:00:13]} a6 {[%emt 0:00:08]} 16. Nb3 {[%emt 0:00:02]} Ne4 {[%emt 0:00:26]} 17. Nfd4 {[%emt 0:00:19]} Nxd4 {[%emt 0:00:09]} 18. Nxd4 {[%emt 0:00:20]} Rxc1 {[%emt 0:01:07]} 19. Qxc1 {[%emt 0:00:08]} Qc8 {[%emt 0:00:31]} 20. Nxe6 {[%emt 0:00:36]} Qxe6 {[%emt 0:00:32]} 21. Qc7 {[%emt 0:00:40]} b5 {[%emt 0:03:04]} 22. Rc1 {[%emt 0:02:34]} Bf6 {[%emt 0:01:12]} 23. Rc6 {[%emt 0:01:10]} Qg4 {[%emt 0:02:36]} 24. f3 {[%emt 0:02:57]} Qh5 {[%emt 0:00:27]} 25. Bxf6 {[%emt 0:01:12]} Nxf6 {[%emt 0:00:07]} 26. Qf4 {[%emt 0:00:45]} Qg6 {[%emt 0:00:09]} 27. e4 {[%emt 0:00:03]} dxe4 {[%emt 0:00:19]} 28. fxe4 {[%emt 0:00:01]} Qg4 {[%emt 0:04:10]} 29. Qxg4 {[%emt 0:00:14]} Nxg4 {[%emt 0:00:02]} 30. Rxa6 {[%emt 0:00:09]} g6 {[%emt 0:00:11]} 31. Ra5 {[%emt 0:00:24]} Rc8 {[%emt 0:00:08]} 32. Bf3 {[%emt 0:00:27]} Rc1+ {[%emt 0:00:11]} 33. Kg2 {[%emt 0:00:06]} Rc2+ {[%emt 0:00:02]} 34. Kh3 {[%emt 0:00:30]} Nf2+ {[%emt 0:00:02]} 35. Kh4 {[%emt 0:00:17]} h6 {[%emt 0:00:03]} 36. Rxb5 {[%emt 0:00:22]} Kg7 {[%emt 0:00:14]} 37. Rc5 {[%emt 0:01:22]} Rd2 {[%emt 0:00:32]} 38. Rc3 {[%emt 0:01:15]} Nd3 {[%emt 0:01:10]} 39. h3 {[%emt 0:01:04]} Ne5 {[%emt 0:00:09]} 40. g4 {[%emt 0:00:21]} g5+ {[%emt 0:00:09]} 41. Kg3 {[%emt 0:00:02]} Ng6 {[%emt 0:00:01]} 42. e5 {[%emt 0:00:14]} Nxe5 {[%emt 0:00:04]} 43. b5 {[%emt 0:00:02]} Rb2 {[%emt 0:00:11]} 44. a4 {[%emt 0:00:30]} Ra2 {[%emt 0:00:19]} 45. Bd1 {[%emt 0:00:10]} Rd2 {[%emt 0:00:13]} 46. Bb3 {[%emt 0:00:07]} Nd3 {[%emt 0:00:10]} 47. Rc2 {[%emt 0:00:45]} Rd1 {[%emt 0:00:45]} 48. b6 {[%emt 0:00:07]} Ne1 {[%emt 0:00:06]} 49. Rc3 {[%emt 0:00:11]} Rd2 {[%emt 0:00:04]} 50. h4 {[%emt 0:00:12]} Rd6 {[%emt 0:00:27]} 51. a5 {[%emt 0:00:07]} 1-0

[Event "African Games-chT 2019"]
[Site "Casablanca"]
[Date "2019.08.25"]
[Round "8.11"]
[White "Shaba, Linda"]
[Black "Ogbiyoyo, Perpetual Eloho"]
[Result "1-0"]
[WhiteElo "1615"]
[BlackElo "1831"]
[Annotator "NA"]
[PlyCount "123"]
[EventDate "2019.08.24"]
[EventType "team-tourn"]
[EventCountry "MAR"]
[SourceTitle "playchess.com"]
[Source "ChessBase"]
[SourceQuality "1"]
[WhiteTeam "Zimbabwe"]
[BlackTeam "Nigeria"]
[WhiteTeamCountry "ZIM"]
[BlackTeamCountry "NGR"]
[TimeControl "900+10"]

1. d4 {[%emt 0:00:00]} f5 {[%emt 0:00:00]} 2. Nf3 {[%emt 0:00:00]} Nf6 {[%emt 0:00:00]} 3. c4 {[%emt 0:00:01]} e6 {[%emt 0:00:00]} 4. Nc3 {[%emt 0:00:07]} Be7 {[%emt 0:00:07]} 5. g3 {[%emt 0:00:03]} O-O {[%emt 0:00:03]} 6. Bg2 {[%emt 0:00:02]} d6 {[%emt 0:00:02]} 7. O-O {[%emt 0:00:09]} c6 {[%emt 0:00:04]} 8. Qc2 {[%emt 0:00:33]} Na6 {[%emt 0:00:06]} 9. a3 {[%emt 0:00:03]} Qe8 {[%emt 0:00:05]} 10. Ng5 {[%emt 0:00:34]} h6 {[%emt 0:00:19]} 11. Nf3 {[%emt 0:00:03]} Qh5 {[%emt 0:00:14]} 12. b4 {[%emt 0:02:05]} Bd7 {[%emt 0:00:20]} 13. b5 {[%emt 0:00:59]} cxb5 {[%emt 0:01:00]} 14. cxb5 {[%emt 0:00:02]} Nc7 {[%emt 0:00:03]} 15. a4 {[%emt 0:00:04]} Rac8 {[%emt 0:00:05]} 16. Qb3 {[%emt 0:00:04]} Ncd5 {[%emt 0:00:28]} 17. Nxd5 {[%emt 0:00:07]} Nxd5 {[%emt 0:00:02]} 18. Bd2 {[%emt 0:01:51]} f4 {[%emt 0:01:22]} 19. Rac1 {[%emt 0:04:06]} fxg3 {[%emt 0:03:55]} 20. fxg3 {[%emt 0:01:22]} Kh8 {[%emt 0:01:12]} 21. Qd3 {[%emt 0:03:26]} Nf6 {[%emt 0:04:19]} 22. Nh4 {[%emt 0:01:09]} Rf7 {[%emt 0:02:09]} 23. Ng6+ {[%emt 0:01:07]} Kg8 {[%emt 0:00:07]} 24. Rxc8+ {[%emt 0:00:21]} Bxc8 {[%emt 0:00:03]} 25. Bf3 {[%emt 0:00:28]} Qf5 {[%emt 0:00:25]} 26. Nxe7+ {[%emt 0:00:10]} Rxe7 {[%emt 0:00:02]} 27. Qb3 {[%emt 0:00:10]} d5 {[%emt 0:00:15]} 28. Qc3 {[%emt 0:00:03]} Bd7 {[%emt 0:00:14]} 29. Qc7 {[%emt 0:00:15]} Ne4 {[%emt 0:00:39]} 30. Qd8+ {[%emt 0:00:24]} Re8 {[%emt 0:00:19]} 31. Qxd7 {[%emt 0:00:00]} Rf8 {[%emt 0:00:06]} 32. Bb4 {[%emt 0:00:00]} Rf7 {[%emt 0:00:04]} 33. Qc8+ {[%emt 0:00:00]} Kh7 {[%emt 0:00:05]} 34. Qc2 {[%emt 0:00:00]} g6 {[%emt 0:00:10]} 35. Qb1 {[%emt 0:00:00]} Ng5 {[%emt 0:01:56]} 36. Qxf5 {[%emt 0:00:00]} Rxf5 {[%emt 0:00:06]} 37. Bg2 {[%emt 0:00:00]} Rxf1+ {[%emt 0:00:19]} 38. Kxf1 {[%emt 0:00:00]} Kg7 {[%emt 0:00:01]} 39. h4 {[%emt 0:00:28]} Nf7 {[%emt 0:00:03]} 40. Kf2 {[%emt 0:00:14]} Kf6 {[%emt 0:00:02]} 41. e4 {[%emt 0:00:09]} dxe4 {[%emt 0:00:12]} 42. Bxe4 {[%emt 0:00:03]} b6 {[%emt 0:00:01]} 43. Ke3 {[%emt 0:00:13]} g5 {[%emt 0:00:02]} 44. h5 {[%emt 0:00:35]} e5 {[%emt 0:00:08]} 45. d5 {[%emt 0:00:22]} g4 {[%emt 0:00:16]} 46. Bg6 {[%emt 0:00:07]} Ng5 {[%emt 0:00:10]} 47. Bf8 Nf3 {[%emt 0:00:45]} 48. Bxh6 {[%emt 0:00:38]} Nd4 {[%emt 0:00:03]} 49. Ke4 {[%emt 0:00:07]} Ne2 {[%emt 0:00:12]} 50. d6 {[%emt 0:00:13]} Ke6 {[%emt 0:00:20]} 51. Bf8 {[%emt 0:00:05]} Nxg3+ 52. Ke3 {[%emt 0:00:08]} Nf1+ {[%emt 0:00:16]} 53. Kf2 {[%emt 0:00:03]} Nd2 54. h6 {[%emt 0:00:05]} Nc4 {[%emt 0:00:19]} 55. h7 {[%emt 0:00:08]} Kf6 {[%emt 0:00:17]} 56. Bd3 {[%emt 0:00:13]} Nb2 {[%emt 0:00:06]} 57. h8=Q+ {[%emt 0:00:03]} Ke6 {[%emt 0:00:03]} 58. Bc2 {[%emt 0:00:06]} Kd5 {[%emt 0:00:04]} 59. d7 {[%emt 0:00:06]} Kc4 {[%emt 0:00:03]} 60. Qxe5 {[%emt 0:00:05]} g3+ {[%emt 0:00:08]} 61. Kxg3 {[%emt 0:00:02]} a5 {[%emt 0:00:04]} 62. Qxb2 {[%emt 0:00:19]} 1-0

[Event "African Games-chT 2019"]
[Site "Casablanca"]
[Date "2019.08.25"]
[Round "8.12"]
[White "Ofowino, Toritsemuwa"]
[Black "Wakuruwarewa, Colletta"]
[Result "1-0"]
[WhiteElo "1877"]
[BlackElo "1587"]
[Annotator "NA"]
[PlyCount "143"]
[EventDate "2019.08.24"]
[EventType "team-tourn"]
[EventCountry "MAR"]
[SourceTitle "playchess.com"]
[Source "ChessBase"]
[SourceQuality "1"]
[WhiteTeam "Nigeria"]
[BlackTeam "Zimbabwe"]
[WhiteTeamCountry "NGR"]
[BlackTeamCountry "ZIM"]
[TimeControl "900+10"]

1. d4 {[%emt 0:00:00]} Nf6 {[%emt 0:00:00]} 2. Bf4 {[%emt 0:00:00]} e6 {[%emt 0:00:00]} 3. Nf3 {[%emt 0:00:00]} Be7 {[%emt 0:00:00]} 4. e3 {[%emt 0:00:06]} d5 {[%emt 0:00:02]} 5. Bd3 {[%emt 0:00:06]} O-O {[%emt 0:00:39]} 6. Nbd2 {[%emt 0:00:12]} c5 {[%emt 0:00:36]} 7. c3 {[%emt 0:00:01]} Nbd7 {[%emt 0:00:27]} 8. h3 {[%emt 0:01:30]} h6 {[%emt 0:00:04]} 9. Qe2 {[%emt 0:00:09]} Re8 {[%emt 0:00:20]} 10. O-O {[%emt 0:00:05]} Nf8 {[%emt 0:01:22]} 11. Ne5 {[%emt 0:00:07]} c4 {[%emt 0:01:14]} 12. Bc2 {[%emt 0:00:02]} Bd6 {[%emt 0:00:32]} 13. e4 {[%emt 0:00:23]} b5 {[%emt 0:00:42]} 14. Nxf7 {[%emt 0:01:33]} Kxf7 {[%emt 0:00:05]} 15. Bxd6 {[%emt 0:00:01]} dxe4 {[%emt 0:00:34]} 16. Bxf8 {[%emt 0:00:03]} Kxf8 {[%emt 0:01:33]} 17. Nxe4 {[%emt 0:00:02]} Bb7 {[%emt 0:00:28]} 18. Nc5 {[%emt 0:00:44]} Bd5 {[%emt 0:00:17]} 19. Qe5 {[%emt 0:00:02]} Nd7 {[%emt 0:00:36]} 20. Nxd7+ {[%emt 0:00:39]} Qxd7 {[%emt 0:00:03]} 21. Bg6 {[%emt 0:00:00]} Re7 {[%emt 0:00:37]} 22. Rae1 {[%emt 0:00:13]} Qb7 {[%emt 0:00:30]} 23. Be4 {[%emt 0:00:56]} Rae8 {[%emt 0:01:59]} 24. Re3 {[%emt 0:00:36]} Bxe4 {[%emt 0:01:23]} 25. Rxe4 {[%emt 0:00:02]} Qd5 {[%emt 0:00:11]} 26. Rfe1 {[%emt 0:00:03]} a5 {[%emt 0:01:26]} 27. Qf4+ {[%emt 0:01:26]} Rf7 {[%emt 0:00:27]} 28. Qe3 {[%emt 0:00:00]} Rfe7 {[%emt 0:00:44]} 29. Re5 {[%emt 0:00:02]} Qc6 {[%emt 0:00:01]} 30. Rc5 {[%emt 0:00:20]} Qb7 {[%emt 0:00:09]} 31. Qe5 {[%emt 0:00:01]} b4 {[%emt 0:01:04]} 32. Rxc4 {[%emt 0:01:05]} bxc3 {[%emt 0:00:21]} 33. bxc3 {[%emt 0:00:01]} Qd5 {[%emt 0:00:44]} 34. Qxd5 {[%emt 0:01:31]} exd5 {[%emt 0:00:03]} 35. Rxe7 {[%emt 0:00:00]} Rxe7 {[%emt 0:00:02]} 36. Rc8+ {[%emt 0:00:01]} Kf7 {[%emt 0:00:03]} 37. Kf1 {[%emt 0:00:01]} Rb7 {[%emt 0:00:09]} 38. Rc5 {[%emt 0:01:14]} Rb1+ {[%emt 0:00:02]} 39. Ke2 {[%emt 0:00:00]} Rb2+ {[%emt 0:00:02]} 40. Ke3 {[%emt 0:00:02]} Rxa2 {[%emt 0:00:04]} 41. Rxd5 {[%emt 0:00:00]} Ke6 {[%emt 0:00:24]} 42. Re5+ {[%emt 0:01:24]} Kf6 {[%emt 0:00:27]} 43. Re4 {[%emt 0:00:47]} a4 {[%emt 0:00:21]} 44. Re8 {[%emt 0:00:20]} Kf7 {[%emt 0:00:26]} 45. Ra8 {[%emt 0:01:10]} a3 {[%emt 0:00:16]} 46. Ra6 {[%emt 0:00:11]} Ra1 {[%emt 0:00:05]} 47. Kd3 {[%emt 0:00:02]} a2 {[%emt 0:00:15]} 48. Kc4 {[%emt 0:00:00]} Ke7 {[%emt 0:00:01]} 49. Kc5 {[%emt 0:00:10]} Kd7 {[%emt 0:00:14]} 50. c4 {[%emt 0:00:03]} g5 {[%emt 0:00:08]} 51. Ra7+ {[%emt 0:00:11]} Kc8 {[%emt 0:00:06]} 52. Kc6 {[%emt 0:00:05]} Kb8 {[%emt 0:00:03]} 53. Ra4 {[%emt 0:00:01]} h5 {[%emt 0:00:05]} 54. d5 {[%emt 0:00:03]} Rc1 {[%emt 0:00:04]} 55. Rxa2 {[%emt 0:00:01]} Rxc4+ {[%emt 0:00:02]} 56. Kd6 {[%emt 0:00:01]} g4 {[%emt 0:00:09]} 57. hxg4 {[%emt 0:00:05]} Rxg4 {[%emt 0:00:04]} 58. g3 {[%emt 0:00:02]} h4 {[%emt 0:00:01]} 59. gxh4 {[%emt 0:00:01]} Rxh4 {[%emt 0:00:01]} 60. Re2 {[%emt 0:00:07]} Rh2 {[%emt 0:00:09]} 61. Kc6 {[%emt 0:00:07]} Rh1 {[%emt 0:00:21]} 62. Re8+ {[%emt 0:00:27]} Ka7 {[%emt 0:00:01]} 63. Kd7 {[%emt 0:00:03]} Rh7+ {[%emt 0:00:12]} 64. Re7 {[%emt 0:00:08]} Rh2 {[%emt 0:00:05]} 65. Rf7 {[%emt 0:00:02]} Rh1 {[%emt 0:00:04]} 66. d6 {[%emt 0:00:01]} Kb6 {[%emt 0:00:09]} 67. f4 {[%emt 0:00:08]} Rd1 {[%emt 0:00:06]} 68. Rf6 {[%emt 0:00:03]} Rd4 {[%emt 0:00:06]} 69. f5 {[%emt 0:00:01]} Kc5 {[%emt 0:00:11]} 70. Ke7 {[%emt 0:00:04]} Re4+ {[%emt 0:00:04]} 71. Re6 {[%emt 0:00:02]} Rf4 {[%emt 0:00:05]} 72. f6 1-0

[Event "African Games-chT 2019"]
[Site "Casablanca"]
[Date "2019.08.25"]
[Round "8.13"]
[White "Beukes, Dante M"]
[Black "Mwale, Joseph"]
[Result "0-1"]
[WhiteElo "2130"]
[BlackElo "2231"]
[Annotator "NA"]
[PlyCount "88"]
[EventDate "2019.08.24"]
[EventType "team-tourn"]
[EventCountry "MAR"]
[SourceTitle "playchess.com"]
[Source "ChessBase"]
[SourceQuality "1"]
[WhiteTeam "Namibia"]
[BlackTeam "MAW"]
[WhiteTeamCountry "NAM"]
[TimeControl "900+10"]

1. e4 {[%emt 0:00:00]} e5 {[%emt 0:00:00]} 2. Nf3 {[%emt 0:00:03]} Nc6 {[%emt 0:00:00]} 3. Nc3 {[%emt 0:00:11]} Nf6 {[%emt 0:00:14]} 4. d4 {[%emt 0:00:12]} exd4 {[%emt 0:00:02]} 5. Nxd4 {[%emt 0:00:01]} Bb4 {[%emt 0:00:02]} 6. Nxc6 {[%emt 0:00:02]} bxc6 {[%emt 0:00:01]} 7. Bd3 {[%emt 0:00:03]} d5 {[%emt 0:00:02]} 8. exd5 {[%emt 0:00:01]} cxd5 {[%emt 0:00:01]} 9. O-O {[%emt 0:00:02]} O-O {[%emt 0:00:03]} 10. h3 {[%emt 0:00:02]} c6 {[%emt 0:00:55]} 11. Qf3 {[%emt 0:00:02]} Bd6 {[%emt 0:00:07]} 12. Bf4 {[%emt 0:00:06]} Rb8 {[%emt 0:00:13]} 13. b3 {[%emt 0:00:01]} Rb4 {[%emt 0:00:22]} 14. Bxd6 {[%emt 0:00:02]} Qxd6 {[%emt 0:00:01]} 15. Qg3 {[%emt 0:00:02]} Qxg3 {[%emt 0:00:22]} 16. fxg3 {[%emt 0:00:02]} Be6 {[%emt 0:00:04]} 17. a3 {[%emt 0:00:37]} Rbb8 {[%emt 0:00:22]} 18. Na4 {[%emt 0:00:21]} Nd7 {[%emt 0:00:11]} 19. b4 {[%emt 0:00:59]} g6 {[%emt 0:01:36]} 20. Rac1 {[%emt 0:01:06]} Rfc8 {[%emt 0:00:19]} 21. Ba6 {[%emt 0:00:57]} Rd8 {[%emt 0:00:21]} 22. Rfd1 {[%emt 0:01:45]} Kg7 {[%emt 0:02:39]} 23. Kf2 {[%emt 0:00:26]} Nf6 {[%emt 0:00:51]} 24. Bd3 {[%emt 0:03:35]} Rbc8 {[%emt 0:01:18]} 25. Ke3 {[%emt 0:03:22]} d4+ {[%emt 0:00:32]} 26. Kf2 {[%emt 0:00:08]} Nd5 {[%emt 0:00:08]} 27. c3 {[%emt 0:00:38]} Ne3 {[%emt 0:03:15]} 28. Re1 {[%emt 0:00:29]} Bc4 {[%emt 0:01:52]} 29. cxd4 {[%emt 0:02:20]} Rxd4 {[%emt 0:01:28]} 30. Rxe3 {[%emt 0:00:45]} Bxd3 {[%emt 0:00:54]} 31. Nc5 {[%emt 0:00:21]} Bb5 {[%emt 0:00:28]} 32. Re7 {[%emt 0:00:33]} Rd2+ {[%emt 0:00:01]} 33. Kf3 {[%emt 0:00:04]} Kf8 {[%emt 0:00:46]} 34. Rce1 {[%emt 0:00:27]} Ra2 {[%emt 0:00:01]} 35. R1e3 {[%emt 0:00:06]} Bc4 {[%emt 0:00:05]} 36. Rxa7 {[%emt 0:00:21]} Bd5+ {[%emt 0:00:12]} 37. Kg4 {[%emt 0:00:13]} Kg7 {[%emt 0:00:15]} 38. Ne6+ {[%emt 0:00:14]} Kf6 {[%emt 0:00:25]} 39. Nf4 {[%emt 0:00:02]} h5+ {[%emt 0:00:03]} 40. Nxh5+ {[%emt 0:00:30]} gxh5+ {[%emt 0:00:04]} 41. Kxh5 {[%emt 0:00:01]} Rxg2 {[%emt 0:00:05]} 42. Kg4 {[%emt 0:00:20]} Rf2 {[%emt 0:00:05]} 43. h4 {[%emt 0:00:15]} Be6+ {[%emt 0:00:04]} 44. Rxe6+ {[%emt 0:00:03]} fxe6 {[%emt 0:00:03]} 0-1